000 00460nam a2200193Ia 4500
005 20240823051503.0
008 240823s9999||||xx |||||||||||||| ||und||
020 _a978-81-317-6044-4
041 _aENGLISH
082 _A352.054 Q1
100 _aPardeep Sachdeva
245 0 _aLocal Government in India
250 _a1st
260 _c2011
_bPearson Education Internat
500 _aYES
650 _aGeneral
_bGeneral
942 _cBK
999 _c219701
_d219701